Amriyat ya Jamhoriat (Record no. 532877)
[ view plain ]
| 000 -LEADER | |
|---|---|
| fixed length control field | 00204nam a22000977a 4500 |
| 040 ## - CATALOGING SOURCE | |
| Transcribing agency | DLC |
| 082 ## - DEWEY DECIMAL CLASSIFICATION NUMBER | |
| Classification number | 954.91 |
| Author Mark | BEN |
| 100 ## - MAIN ENTRY--PERSONAL NAME | |
| Personal name | Bhutto, Benazir |
| 9 (RLIN) | 4819 |
| 245 ## - TITLE STATEMENT | |
| Title | Amriyat ya Jamhoriat |
| 942 ## - ADDED ENTRY ELEMENTS (KOHA) | |
| Source of classification or shelving scheme | |
| Koha item type | Book |
| Withdrawn status | Lost status | Source of classification or shelving scheme | Damaged status | Not for loan | Permanent Location | Current Location | Date acquired | Total Checkouts | Total Renewals | Full call number | Barcode | Date last seen | Date last checked out | Price effective from | Koha item type |
|---|---|---|---|---|---|---|---|---|---|---|---|---|---|---|---|
| School of Civil and Environmental Engineering (SCEE) | School of Civil and Environmental Engineering (SCEE) | 12/04/2019 | 1 | 1 | 954.91 BEN | NIT-9657 | 01/31/2020 | 12/04/2019 | 12/04/2019 | Book |
